000 00534nmm a2200193Ia 4500
008 251105s9999||||xx |||||||||||||||||und||
020 _a9788490651087
041 _aspa
100 _aJenkins, Elizabeth
245 0 _aLa historia del doctor Gully
264 _a[Madrid, España] :
_bAlba Editorial,
_c2015
300 _a456 páginas
490 _aRara avis
650 _aEnglish Narrative
700 _aJenkins, Elizabeth
700 1 _a Casas, Flora
856 _uhttps://public.digitaliapublishing.com/a/48854
942 _cCF
999 _c67241
_d67241